[Event "AUTO-MASTER-3260"]
[Site "http://www.queenalice.com/game.php?id=1855444"]
[Date "2025.4.12"]
[Round "1"]
[White "askasl159"]
[Black "lat47"]
[Result "0-1"]
[WhiteElo "1820"]
[BlackElo "1925"]

1. e4 e5 2. f4 d6 3. Nf3 f6 4. Bc4 Ne7 5. O-O exf4 6. d4 g5 7. h3 g4 8. hxg4 Bh6
9. Nh4 Bd7 10. Nf5 d5 11. Nxh6 dxc4 12. Nf5 Bxf5 13. gxf5 h5 14. Bxf4 Nbc6 15.
d5 Ne5 16. b3 cxb3 17. cxb3 Qd6 18. Nc3 Qc5+ 19. Kh1 Qxc3 20. Rc1 Qa5 21. Rc2 c6
22. dxc6 Rd8 23. Qe1 Qxe1 24. Rxe1 bxc6 25. Bxe5 fxe5 26. f6 Ng6 27. Rxc6 Kf7
28. Rc7+ Kf8 29. Rec1 Ke8 30. Rg7 Nf4 31. Rf1 Rd7 32. g3 Ne2 33. Rxd7 Kxd7 34.
Kg2 Rf8 0-1

[Event "AUTO-MASTER-3260"]
[Site "http://www.queenalice.com/game.php?id=1855445"]
[Date "2025.4.12"]
[Round "1"]
[White "lat47"]
[Black "Takeda"]
[Result "1-0"]
[WhiteElo "1883"]
[BlackElo "2068"]

1. d4 g6 2. e3 Bg7 3. Nf3 Nf6 4. Bd3 O-O 5. c3 d6 6. e4 Bg4 7. h3 Bh5 8. g4 Nxg4
9. hxg4 Bxg4 10. Be2 Nd7 11. Nbd2 c5 12. d5 e6 13. Nh2 Bxe2 14. Qxe2 exd5 15.
O-O Qg5+ 16. Kh1 Ne5 17. Qf3 Nxf3 18. Ndxf3 Qh5 19. exd5 Qxd5 20. Bf4 Be5 21.
Rfd1 Qc6 22. Bxe5 dxe5 23. Kg1 e4 24. Ne5 Qe6 25. Nd7 Rfc8 26. Rd2 e3 27. fxe3
Qxe3+ 28. Rf2 Qg5+ 29. Kf1 Rc6 30. Re1 Rd8 31. Ne5 Re6 32. Nhf3 Qh5 33. Rh2 Qf5
34. c4 Rxe5 35. Rxe5 Qxf3+ 36. Rf2 Rd1+ 37. Re1 Rxe1+ 38. Kxe1 Qe4+ 39. Re2 Qxc4
40. b3 Qc1+ 41. Kf2 Kg7 42. Re7 1-0

[Event "AUTO-MASTER-3260"]
[Site "http://www.queenalice.com/game.php?id=1855446"]
[Date "2025.4.12"]
[Round "1"]
[White "Takeda"]
[Black "lat47"]
[Result "1-0"]
[WhiteElo "2128"]
[BlackElo "1917"]

1. e4 e5 2. Nf3 Nc6 3. d4 exd4 4. Nxd4 Nxd4 5. Qxd4 Ne7 6. Bc4 d6 7. O-O Be6 8.
Bxe6 fxe6 9. Bg5 Nc6 10. Qe3 Be7 11. Bxe7 Qxe7 12. Nd2 O-O-O 13. a4 a5 14. c3 g5
15. f4 g4 16. Qg3 h5 17. f5 Rdg8 18. f6 Qf7 19. Nc4 h4 20. Qxd6 Kb8 21. Qc5 Rg6
22. b4 b6 23. Qxc6 Rg5 24. e5 Rf8 25. bxa5 Qe8 26. Qxe8+ Rxe8 27. axb6 cxb6 28.
Nxb6 Kc7 29. Nc4 Kc6 30. a5 Rf8 31. a6 Rgg8 32. a7 Ra8 33. f7 Rgf8 34. Rf6 Kd5
35. Nb6+ Kxe5 36. Nxa8 Kxf6 37. Nc7 Kf5 38. a8=Q 1-0

[Event "AUTO-ADV-4799"]
[Site "http://www.queenalice.com/game.php?id=1855530"]
[Date "2025.4.14"]
[Round "2"]
[White "Capixabba789"]
[Black "lat47"]
[Result "1-0"]
[WhiteElo "1819"]
[BlackElo "1909"]

1. d4 d5 2. Nc3 Nf6 3. e4 dxe4 4. f3 exf3 5. Be3 fxg2 6. Bxg2 e6 7. Nf3 h6 8.
O-O Bd6 9. Nb5 Be7 10. Ne5 a6 11. Na3 h5 12. Nac4 b5 13. Nxf7 Kxf7 14. Ne5+ Ke8
15. Bxa8 Bd6 16. Bc6+ Bd7 17. Bxd7+ Nbxd7 18. Ng6 Rh7 19. Bg5 Nf8 20. Ne5 Bxe5
21. dxe5 Qa8 22. exf6 Kf7 23. h4 g6 24. Qf3 Qa7+ 25. Qf2 Qxf2+ 26. Rxf2 Nd7 27.
Rd1 Nf8 28. Rd8 Rh8 29. Rc8 e5 30. Rxc7+ Kg8 31. Rg7# 1-0

[Event "AUTO-ADV-4799"]
[Site "http://www.queenalice.com/game.php?id=1855531"]
[Date "2025.4.14"]
[Round "2"]
[White "lat47"]
[Black "Capixabba789"]
[Result "0-1"]
[WhiteElo "1889"]
[BlackElo "1826"]

1. d4 e5 2. dxe5 Bc5 3. Nf3 d6 4. exd6 Ne7 5. dxe7 Bxf2+ 6. Kxf2 Qxd1 7. Nbd2
Qxc2 8. Nd4 Qg6 9. N4f3 Nc6 10. a3 Be6 11. e3 Nxe7 12. Ne1 O-O 13. Ndf3 f6 14.
Bd3 f5 15. h3 Qf7 16. Ng5 Qf6 17. h4 h6 18. Nxe6 Qxe6 19. Bd2 Kh8 20. Nc2 Nd5
21. Nd4 Qe8 22. Rac1 f4 23. e4 Ne3 24. Bxe3 fxe3+ 25. Kxe3 Rd8 26. Rxc7 Qe5 27.
Nf3 Qxb2 28. Rd1 Qb6+ 29. Ke2 Qxc7 30. a4 Qg3 31. Kf1 Rxf3+ 32. gxf3 Qxf3+ 33.
Ke1 Rxd3 0-1

[Event "AUTO-ADV-4799"]
[Site "http://www.queenalice.com/game.php?id=1855536"]
[Date "2025.4.14"]
[Round "2"]
[White "lat47"]
[Black "Canaye14"]
[Result "0-1"]
[WhiteElo "1919"]
[BlackElo "1822"]

1. d4 e6 2. c3 d5 3. Nf3 c5 4. e3 Nc6 5. Bb5 Qb6 6. a4 a6 7. dxc5 Bxc5 8. Bd3
Bd7 9. b4 Be7 10. a5 Qc7 11. e4 dxe4 12. Bxe4 Nf6 13. Bc2 Rd8 14. Bd2 Ne5 15.
O-O Nc4 16. Qc1 Bc6 17. Na3 Bxf3 18. Nxc4 Bxg2 19. Ne3 Bxf1 20. Nxf1 Bd6 21. f3
O-O 22. Bg5 Be7 23. Qe1 Nd5 24. Bd2 Bf6 25. Ra3 Nxb4 26. Bb1 Nd3 27. Qe4 Qc5+
28. Kg2 Qf2+ 29. Kh3 Rd5 30. Bxd3 Rh5+ 31. Kg4 Qh4# 0-1

[Event "AUTO-ADV-4799"]
[Site "http://www.queenalice.com/game.php?id=1855537"]
[Date "2025.4.14"]
[Round "2"]
[White "Canaye14"]
[Black "lat47"]
[Result "1-0"]
[WhiteElo "1884"]
[BlackElo "1892"]

1. d4 d5 2. Bf4 e6 3. Nf3 h6 4. h3 Bd6 5. Bg3 Bxg3 6. fxg3 Nd7 7. e3 Ndf6 8. Bd3
Ne7 9. Nbd2 Qd6 10. Ne5 Bd7 11. Ndf3 Nc6 12. O-O Rf8 13. c3 Ne4 14. Qe1 Nxe5 15.
dxe5 Qe7 16. Nd2 Nc5 17. Bc2 O-O-O 18. b4 Na4 19. Nb3 a6 20. Nd4 Nb6 21. a4 Nc4
22. b5 a5 23. Nb3 b6 24. Qe2 Nxe5 25. Nd2 g6 26. c4 dxc4 27. Nxc4 Qc5 28. Nxe5
Qxe5 29. Rac1 c6 30. bxc6 Bxc6 31. Qa6+ Kd7 32. Rcd1+ Ke7 33. Qxb6 Rc8 34. Rd2
f5 35. Rf4 Qc7 36. Qc5+ Kf6 37. g4 g5 38. Rfd4 Kg7 39. Rd6 Qe7 40. gxf5 Bd7 41.
Qe5+ Kg8 42. Rxd7 Rxf5 43. Bxf5 Rc1+ 44. Kh2 1-0

[Event "AUTO-ADV-4799"]
[Site "http://www.queenalice.com/game.php?id=1855538"]
[Date "2025.4.14"]
[Round "2"]
[White "lat47"]
[Black "Xadrinho7"]
[Result "1-0"]
[WhiteElo "1919"]
[BlackElo "1926"]

1. d4 Nf6 2. e3 d5 3. h3 Nc6 4. Nf3 Bf5 5. Bd3 Be4 6. Bxe4 Nxe4 7. Nbd2 Nxd2 8.
Qxd2 e6 9. a3 Be7 10. Qd3 O-O 11. e4 dxe4 12. Qxe4 Re8 13. h4 e5 14. dxe5 Bf6
15. Bf4 Nxe5 16. Nxe5 Qe7 17. Bg3 Bxe5 18. O-O Bxg3 19. Qxe7 Rxe7 20. fxg3 Re2
21. Rac1 Rd8 22. Rfd1 Rdd2 23. Rxd2 Rxd2 24. Re1 1-0

[Event "AUTO-ADV-4799"]
[Site "http://www.queenalice.com/game.php?id=1855539"]
[Date "2025.4.14"]
[Round "2"]
[White "Xadrinho7"]
[Black "lat47"]
[Result "0-1"]
[WhiteElo "1944"]
[BlackElo "1901"]

1. d4 d5 2. Nc3 Nf6 3. Bf4 a6 4. e3 Nc6 5. Nf3 Bf5 6. Bd3 Bxd3 7. Qxd3 e6 8. O-O
Nb4 9. Qd1 h6 10. a3 Nc6 11. h3 Bd6 12. Ne5 Bxe5 13. dxe5 Nd7 14. Re1 Qe7 15. e4
d4 16. Ne2 Qc5 17. c3 dxc3 18. Nxc3 Ncxe5 19. Be3 Qe7 20. Qh5 g6 21. Qd1 Rd8 22.
Qc2 Qh4 23. Bd4 Rg8 0-1

[Event "AUTO-ADV-4809"]
[Site "http://www.queenalice.com/game.php?id=1856591"]
[Date "2025.5.3"]
[Round "2"]
[White "shmurtz91"]
[Black "lat47"]
[Result "1-0"]
[WhiteElo "1961"]
[BlackElo "1937"]

1. d4 d5 2. c4 c6 3. Nc3 Nf6 4. Bg5 Ne4 5. Nxe4 dxe4 6. e3 h6 7. Bh4 g5 8. Bg3
Nd7 9. Ne2 Nf6 10. h3 Be6 11. b3 Nd7 12. d5 cxd5 13. cxd5 Bf5 14. Nd4 Bg6 15.
Be2 a6 16. O-O Bg7 17. f4 gxf4 18. Bxf4 Bf6 19. Bg4 h5 20. Bf5 Bxf5 21. Nxf5
Bxa1 22. Qxa1 f6 23. Ng7+ Kf7 24. Ne6 Qg8 25. Qd4 Qg6 26. Qc4 Rac8 27. Qd4 Nf8
28. Nc5 b6 29. Nxe4 Nh7 30. d6 e5 31. Bxe5 Rhg8 32. Qd5+ Ke8 33. Qe6+ Kf8 34.
Qe7# 1-0

[Event "AUTO-ADV-4809"]
[Site "http://www.queenalice.com/game.php?id=1856592"]
[Date "2025.5.3"]
[Round "2"]
[White "lat47"]
[Black "shmurtz91"]
[Result "1-0"]
[WhiteElo "1906"]
[BlackElo "1980"]

1. e4 e5 2. Nf3 d6 3. h3 b6 4. Bc4 Nf6 5. Nc3 c6 6. d3 h6 7. b4 d5 8. exd5 cxd5
9. Bb5+ Nbd7 10. Bc6 Rb8 11. Bxd7+ Bxd7 12. Nxe5 Bxb4 13. Bd2 Be6 14. Nc6 Qc8
15. Nxb4 a5 16. Nbxd5 Nxd5 17. Nb5 O-O 18. a3 Qe8 19. O-O Qxb5 20. c4 Qd7 21.
cxd5 Qxd5 22. Qa4 Qxd3 23. Rad1 Qg6 24. Qh4 Rfc8 25. f4 Bd5 26. Qf2 Qf5 27. Qg3
Rc2 28. Rf2 a4 29. Bc3 f6 30. Rxc2 Qxc2 31. Rxd5 1-0

[Event "AUTO-ADV-4809"]
[Site "http://www.queenalice.com/game.php?id=1856597"]
[Date "2025.5.3"]
[Round "2"]
[White "lat47"]
[Black "wiktormool"]
[Result "0-1"]
[WhiteElo "1922"]
[BlackElo "1946"]

1. d4 e6 2. e4 c5 3. d5 d6 4. Nc3 e5 5. Be2 a6 6. Nf3 h6 7. O-O Nf6 8. Be3 Bg4
9. Nd2 Bd7 10. h3 Bb5 11. Nxb5 axb5 12. Bxb5+ Nbd7 13. c3 Be7 14. f4 exf4 15.
Bxf4 O-O 16. Qe1 Nb6 17. a3 Na4 18. Qb1 Qb6 19. Bxa4 Rxa4 20. Re1 Nh5 21. Bh2
Bg5 22. Nf3 Bf4 23. b3 c4+ 24. Nd4 cxb3 25. Rf1 Be3+ 26. Kh1 b2 27. Ra2 Bxd4 28.
cxd4 Qxd4 29. Rxb2 Rxa3 30. Bxd6 Rfa8 31. Qe1 Qxb2 32. Rxf7 Kxf7 33. Qf1+ Kg8
34. Kh2 Qf6 0-1

[Event "AUTO-ADV-4809"]
[Site "http://www.queenalice.com/game.php?id=1856598"]
[Date "2025.5.3"]
[Round "2"]
[White "wiktormool"]
[Black "lat47"]
[Result "0-1"]
[WhiteElo "1870"]
[BlackElo "1940"]

1. c4 e5 2. a3 d6 3. Nc3 Be6 4. e3 c6 5. h3 Be7 6. Nf3 Nd7 7. Bd3 Ngf6 8. b4 b6
9. Bb2 d5 10. cxd5 cxd5 11. Bb5 O-O 12. Bc6 Rc8 13. b5 Bd6 14. Qc2 e4 15. Nd4
Nb8 16. Qa4 Bd7 17. Bxd5 Nxd5 18. Nxd5 Rc5 19. Qb3 Be5 20. Nc3 Bxd4 21. exd4 Rf5
22. Nxe4 Qh4 23. Ng3 Qf4 24. Nxf5 Bxf5 25. O-O Qxd2 26. Rad1 Qg5 27. Qg3 Qh6 28.
Rfe1 Nd7 29. Re7 Nf6 30. f3 Nd5 31. Re5 Be6 32. Bc1 Qf6 33. Bg5 Qg6 34. Bh4 Ne3
35. Qxg6 hxg6 36. Rxe3 Kh7 37. d5 Bd7 38. Be7 Re8 39. a4 g5 40. Bxg5 Rf8 41. Re7
Bc8 42. Rxa7 f6 0-1

[Event "AUTO-ADV-4809"]
[Site "http://www.queenalice.com/game.php?id=1856599"]
[Date "2025.5.3"]
[Round "2"]
[White "lat47"]
[Black "Magnaroc"]
[Result "1-0"]
[WhiteElo "1889"]
[BlackElo "1787"]

1. d4 e6 2. e4 d5 3. e5 c5 4. Nf3 Nc6 5. c3 Bd7 6. Be3 cxd4 7. Nxd4 Nxe5 8. Be2
Nf6 9. Bg5 Be7 10. Bf4 Ng6 11. Bg5 Ne4 12. Bxe7 1-0

[Event "AUTO-ADV-4809"]
[Site "http://www.queenalice.com/game.php?id=1856600"]
[Date "2025.5.3"]
[Round "2"]
[White "Magnaroc"]
[Black "lat47"]
[Result "0-1"]
[WhiteElo "1800"]
[BlackElo "1876"]

1. e4 e5 2. Nf3 d6 3. d4 exd4 4. Nxd4 h6 5. Be2 Be7 6. O-O Nf6 7. Nc3 Bd7 8. h3
Nc6 9. Nxc6 Bxc6 10. Bf3 Qd7 11. Re1 O-O-O 0-1

[Event "AUTO-MASTER-3277"]
[Site "http://www.queenalice.com/game.php?id=1861649"]
[Date "2025.8.15"]
[Round "1"]
[White "jpribeiro"]
[Black "lat47"]
[Result "0-1"]
[WhiteElo "1595"]
[BlackElo "1938"]

1. e4 e5 2. Nf3 d6 3. d4 f6 4. dxe5 fxe5 5. Bc4 Nf6 6. O-O Nxe4 7. Qd5 Qf6 8.
Qxe4 c6 9. Bd3 Be6 10. g4 Bd5 11. Bg5 Bxe4 0-1

[Event "AUTO-MASTER-3277"]
[Site "http://www.queenalice.com/game.php?id=1861650"]
[Date "2025.8.15"]
[Round "1"]
[White "lat47"]
[Black "jpribeiro"]
[Result "1-0"]
[WhiteElo "1929"]
[BlackElo "1324"]

1. d4 Nf6 2. Nc3 d5 3. e3 Bg4 4. Be2 Bxe2 5. Qxe2 c6 6. Nf3 h6 7. Ne5 Nbd7 8. b4
Nxe5 9. dxe5 Ne4 10. Nxe4 dxe4 11. Bb2 Qb6 12. Bc3 O-O-O 13. O-O g6 14. e6 f6
15. a4 Rg8 16. a5 Qb5 17. Qxb5 cxb5 18. Bd4 Kb8 19. Rfd1 Bg7 20. Rd2 Rd6 21. Bc3
Rxd2 22. Bxd2 Rd8 23. Bc3 Rc8 24. Ra3 Rc6 25. Kf1 Rxe6 26. Bd4 Rc6 27. c3 b6 28.
axb6 axb6 29. Ke2 1-0

[Event "AUTO-MASTER-3277"]
[Site "http://www.queenalice.com/game.php?id=1861659"]
[Date "2025.8.15"]
[Round "1"]
[White "chessman"]
[Black "lat47"]
[Result "0-1"]
[WhiteElo "1991"]
[BlackElo "1919"]

1. e4 e5 2. Nf3 d6 3. d4 f6 4. dxe5 fxe5 5. Nxe5 dxe5 6. Qxd8+ Kxd8 7. Bc4 Nf6
8. f3 h6 9. Be3 Bd7 10. O-O Nc6 11. a3 g5 12. Nc3 g4 13. Rad1 Nd4 14. Bxd4 exd4
15. Nd5 Nxd5 16. exd5 Bc5 17. Bd3 c6 18. dxc6 bxc6 19. f4 Kc7 20. g3 h5 21. Rfe1
h4 0-1

[Event "AUTO-MASTER-3277"]
[Site "http://www.queenalice.com/game.php?id=1861660"]
[Date "2025.8.15"]
[Round "1"]
[White "lat47"]
[Black "chessman"]
[Result "0-1"]
[WhiteElo "1947"]
[BlackElo "2045"]

1. d4 d5 2. e3 e6 3. Nf3 c5 4. c3 cxd4 5. cxd4 Nc6 6. a3 Nf6 7. Nc3 Be7 8. Bd3
O-O 9. O-O Bd7 10. Ne5 a6 11. Qf3 Rc8 12. e4 Nxd4 13. Qd1 dxe4 14. Nxe4 Nxe4 15.
Bxe4 Nc6 16. Qh5 f5 17. Nxc6 Bxc6 18. Bc2 Bf6 19. Bb3 Bd5 20. Rd1 Bxb3 21. Rxd8
Rcxd8 22. Qe2 Rd1+ 23. Qxd1 Bxd1 24. Be3 Bb3 25. Bc1 Rc8 26. a4 Rc2 27. g3 Bxa4
28. Kg2 Bc6+ 29. Kf1 Bxb2 30. Bxb2 Rxb2 31. Re1 Kf7 32. Kg1 Be4 33. h4 Rb1 0-1